Statistics for Flags of the World Chain Game #2

Click here to take the quiz!

General Stats

  • This quiz has been taken 3,626 times
  • The average score is 9 of 12

Answer Stats

HintAnswer% Correct
HTML tutorial France
100%
HTML tutorial Morocco
90%
HTML tutorial Cuba
86%
HTML tutorial Peru
77%
HTML tutorial Taiwan
74%
HTML tutorial Nigeria
73%
HTML tutorial Bahrain
71%
HTML tutorial Portugal
71%
HTML tutorial Uruguay
71%
HTML tutorial Estonia
70%
HTML tutorial Malaysia
70%
Somalia
67%

Score Distribution

Percentile by Number Answered

Percent of People with Each Score

Your Score History

You have not taken this quiz